Comentários à minirreforma eleitoral (Registro nro. 164994)
[ vista simple ]
| 000 -LEADER | |
|---|---|
| fixed length control field | 03767nam a22002657a 4500 |
| 007 - PHYSICAL DESCRIPTION FIXED FIELD--GENERAL INFORMATION | |
| fixed length control field | cr|||| |||| |
| 008 - FIXED-LENGTH DATA ELEMENTS--GENERAL INFORMATION | |
| fixed length control field | 170604s2017 br |||||s|||| 00||0 por d |
| 020 ## - INTERNATIONAL STANDARD BOOK NUMBER | |
| International Standard Book Number | 978-85-8183-083-4 |
| 035 ## - | |
| -- | 20315 |
| 040 ## - CATALOGING SOURCE | |
| Original cataloging agency | vLex |
| 090 ## - | |
| -- | 6746 |
| -- | 6746 |
| 100 1# - MAIN ENTRY--PERSONAL NAME | |
| Personal name | Castro Gomes da Costa, Daniel |
| 245 10 - TITLE STATEMENT | |
| Title | Comentários à minirreforma eleitoral |
| Medium | [Recurso electrónico] / |
| Statement of responsibility, etc | Daniel Castro Gomes da Costa |
| 256 ## - | |
| -- | Servicio en línea |
| 260 ## - PUBLICATION, DISTRIBUTION, ETC. (IMPRINT) | |
| Place of publication, distribution, etc | San Pablo: |
| Name of publisher, distributor, etc | Pillares, |
| Date of publication, distribution, etc | 2017 |
| 300 ## - PHYSICAL DESCRIPTION | |
| Extent | 1 recurso electrónico |
| 500 ## - GENERAL NOTE | |
| General note | O Direito Eleitoral se apresenta como componente fundamental do Estado Democrático de Direito, pois possui como escopo fundamental a regulamentação e orientação do cidadão na vida político do Estado, seja assumindo uma posição ativa, por meio do qual o cidadão submete seu nome ao crivo da sociedade, seja passiva, através do exercício direto do voto. Em razão do progresso político ocorrido Brasil (período colonial, imperial, velha república, pós-revolução de 1930, era Vargas, regime militar até chegarmos à nova república), constatamos que o cenário eleitoral sofreu constantes e inúmeras adaptações para melhor atender à realidade social e cultural de uma nova sociedade, cada vez mais crítica, deixando para trás o velho direito, no qual somente os mais abonados tinham condições de participar do processo eleitoral. Iniciado o período da nova república, verificamos que várias foram as admissões trazidas pelas principais normas eleitorais reformatórias, em especial as leis n. 11.300/06, 12.034/09, 135/10 (lei da ficha limpa) e 12.891/13, as quais gradativamente modificaram o panorama da legislação eleitoral brasileira, adequando a legislação à nova realidade contemporânea. Nesse espírito, levando-se em consideração o atual momento que passa o Brasil (crise política), foi necessário que a legislação eleitoral fosse novamente avaliada, visto que as constantes mutações na sociedade brasileira demandam a edição de leis atualizadas e dinâmicas, visando, nesse momento, o combate à corrupção e à perpetuação no poder. Justamente nesse ímpeto, surgiu a Lei n. 13.165 de 29 de setembro de 2015, última minirreforma eleitoral, editada com escopo de promover uma revisão geral nas normas eleitorais, em especial no Código Eleitoral (Lei n. 4.737 de 1965), na Lei das Eleições (Lei n. 9.504 de 1997) e na Lei dos Partidos Políticos (Lei n. 9.096 de 1995), atendendo aos anseios de uma sociedade e de uma comunidade jurídica que pugna por um pleito mais transparente, íntegro e igualitário. Com efeito, através da Lei n. 13.165 de 29 de setembro de 2015, novos dispositivos (mais rigorosos) foram introduzidos na legislação eleitoral, principalmente no que diz respeito às campanhas eleitorais (duração, propaganda, prestação de contas, etc.), além de buscar mecanismos que tenham como escopo incentivar a igualdade de gêneros (participação feminina na política). Destarte, a presente obra tem por desígnio sopesar as principais alterações e inovações advindas com a Lei n. 13.165/2015, tecendo breves comentários acerca de sua eficácia e aplicação para as futuras eleições. |
| 506 1# - RESTRICTIONS ON ACCESS NOTE | |
| Terms governing access | Disponible solo en los productos indicados |
| Authorized users | vLex Global |
| -- | vLex Global (Academic Edition, excluding Law Schools) |
| -- | vLex Global (U.S. Academic Edition, Law Schools) |
| -- | vLex Global (U.S. Academic Edition, excluding Law Schools) |
| -- | vLex Global (Academic Edition, Law Schools) |
| 650 04 - SUBJECT ADDED ENTRY--TOPICAL TERM | |
| Topical term or geographic name as entry element | Derecho Constitucional |
| Geographic subdivision | Brasil |
| 650 04 - SUBJECT ADDED ENTRY--TOPICAL TERM | |
| Topical term or geographic name as entry element | Régimen Electoral |
| Geographic subdivision | Brasil |
| 740 0# - | |
| -- | vLex Libros (Servicio en línea) |
| 856 40 - LOCALIZACIÓN Y ACCESO ELECTRÓNICO | |
| Identificador Uniforme del Recurso (URI/URL) | https://app.vlex.com/#/sources/comentarios-a-minirreforma-eleitoral-20315 |
| 942 ## - | |
| -- | RAA |
| 999 ## - | |
| -- | 164994 |
| -- | 164994 |
No hay ítems disponibles.